000 00960nam0a2200289 4500
001 RU\NLR\BIBL_A\022268235
005 20250625181140.0
010 _92000
035 _a(NLR Aleph) 022268235
090 _a13322721
_c13322721
100 _a20240701d1972 |||y0rusy50 ca
101 0 _abua
102 _aRU
105 _aa z 000 y
181 0 _ai
_baxxe
182 0 _an
200 1 _aХүлгөөтэ һүни
_eтуужа
_fСергей Цырендоржиев
203 _aТекст
_bвизуальный
_cнепосредственный
210 _aУлаан-Үдэ
_cБуряадай номой хэблэл
_d1972
215 _a117, [1] с.
_cил.
_d20
541 1 _aДва встречных огня
_eповесть
_zrus
686 1 _aШ6(2=Бур)7-4
700 1 _aЦырендоржиев
_bС.С.
_f1937-
_gСергей Сультимович
_4070
852 _aNLR
_bОНЛ
_jБур./2-1414
942 _cBOOK
980 _aNB